书目信息 |
| 题名: |
矿山电工学
|
|
| 作者: | 东北工学院矿山电工教研室 编 | |
| 分册: | ||
| 出版信息: | 北京 中国工业出版社 1961 |
|
| 页数: | 333页 | |
| 开本: | 21cm | |
| 丛书名: | ||
| 单 册: | ||
| 中图分类: | TD6 | |
| 科图分类: | ||
| 主题词: | 矿山电工 | |
| 电子资源: | ||
| ISBN: | ||
| 000 | 00694nam0 2200217 45 | |
| 001 | 0184015554 | |
| 005 | 20060418160721.03 | |
| 010 | @dCNY1.40 | |
| 100 | @a19950306d1961 emky0chiy0121 ea | |
| 101 | 0 | @achi |
| 105 | @ay z 000yy | |
| 200 | 10 | @a矿山电工学@Akuang shan dian gong xue@f东北工学院矿山电工教研室编@Fdong bei gong xue yuan kuang shan dian gong jiao yan shi bian |
| 210 | @a北京@c中国工业出版社@d1961 | |
| 215 | @a333页@d21cm | |
| 300 | @a高等学校教学用书 | |
| 606 | @a矿山电工 | |
| 690 | @aTD6@v3 | |
| 701 | 0 | @a东北工学院矿山电工教研室@Adong bei gong xue yuan kuang shan dian gong jiao yan shi@4编 |
| 801 | 2 | @aCN@bNLC@c20060418 |
| 801 | 0 | @aCN@bTSSF |
| 905 | @a10447@dTD6@e8 | |
| 矿山电工学/东北工学院矿山电工教研室编.-北京:中国工业出版社,1961 |
| 333页;21cm |
| 高等学校教学用书 |
| ISBN :CNY1.40 |
| ● |
| 相关链接 |
|
|
|
|
正题名:矿山电工学
索取号:TD6/8
 
预约/预借
| 序号 | 登录号 | 条形码 | 馆藏地/架位号 | 状态 | 备注 |
| 1 | 0015896 | 202248184 | 密集书库/ [索取号:TD6/8] | 在馆 |